000 00735nab a2200193 4500
999 _c372406
_d372406
001 90031
003 OSt
005 20230428070733.0
007 tu
008 110905s2000|||||||
040 _aDE-2950
_cDE-2950
245 0 0 _aArt an der Grenze ist eröffnet - und kämpft ums Überleben.
_bKultur. Das Kunstfestival präsentiert noch bis zum 5. Mai wieder zehn regionale Künstler. Doch das Organisationsteam ist auch in Sorge. Denn es fehlt an Unterstützung von Studierenden. /
_cRené Matschkowiak
264 _c2023
653 _aFrankfurt (Oder)
653 _aArt an der Grenze
653 _aBildende Kunst / Festival
773 0 _g34. Jahrgang (2023) Nr. 95, 24.04.2023, S. 13: mit Foto
_tMärkische Oderzeitung
942 _2z
_cA